000
00250nam a22001097a 4500
005
20230609114839.0
008
230609b |||||||| |||| 00| 0 eng d
022
_a
9770972691001
245
_a
BANK MANAGEMENT
260
_b
IUP PUBLICATION
942
_c
JRL
999
_c
8321
_d
8319